000 00659cam a22002292 4500
001 000011520
003 000011520
005 20180118083743.0
008 910618s1991 sp 000 0 spa
010 _altf91069466
020 _a9978800433
040 _aBPMET
_cspa
_dBPMET
100 1 _aStowe, Harriet Beecher,
_d1811-1896.
245 1 3 _aLa cabana del Tio Tom /
_cHarriet Beecher Stower
260 _aQuito, Ecuador :
_bLibresa,
_c1991
300 _a68 p.
_bil.
_c22 cm.
440 _xClásicos de siempre
910 _aCatalogación derivada
942 _2ddc
_cBK
945 _ainventariado, 2018 / dg
956 _aVMATEO
_b10
_c20150420
_lBPMSU
_h0069
999 _c7162
_d7162